Gundam TV Shows - Statistics

General Stats
  • This quiz has been taken 24 times
  • The average score is 10 of 16
Answer Stats
Hint Answer % Correct
1994-1995 Mobile Fighter G Gundam
100%
1979-1980 Mobile Suit Gundam
85%
1985-1986 Mobile Suit Zeta Gundam
85%
1986-1987 Mobile Suit Gundam ZZ
80%
1996 After War Gundam X
75%
2007-2009 Mobile Suit Gundam 00
70%
2015-2017 Mobile Suit Gundam: Iron-Blooded Orphans
70%
1995-1996 Mobile Suit Gundam Wing
70%
2002-2003 Mobile Suit Gundam SEED
65%
2022-2023 Mobile Suit Gundam: The Witch from Mercury
60%
2004-2005 Mobile Suit Gundam SEED Destiny
55%
2025 Mobile Suit Gundam GQuuuuuuX
50%
1993-1994 Mobile Suit Victory Gundam
50%
1999-2000 Turn A Gundam
45%
2011-2012 Mobile Suit Gundam AGE
35%
2014-2015 Gundam Reconguista in G
30%
No matching quizzes found
Score Distribution
Percent of People with Each Score
Percentile by Number Answered
Your Score History
You have not taken this quiz